| Tag |
First Indicator |
Second Indicator |
Subfields |
| LEADER |
00000cam a2200000 a 4500 |
| 001 |
in00001403786 |
| 005 |
20151020053152.0 |
| 008 |
970417s1996 txua b 000 0ceng d |
| 035 |
|
|
|a (OCoLC)36758772
|
| 035 |
|
|
|9 AHM7254AM
|
| 040 |
|
|
|a TXT
|c TXT
|d TXA
|d UtOrBLW
|
| 049 |
|
|
|a TXAM
|
| 090 |
|
|
|a E185.93.T4
|b T48 1996
|
| 110 |
2 |
|
|a Texas Trailblazer Preservation Association.
|
| 245 |
1 |
0 |
|a Texas Trailblazer Series :
|b 1992-1997 /
|c sponsored by Texas Trailblazer Preservation Association and Texas Commerce Bank.
|
| 264 |
|
1 |
|a Houston :
|b The Association,
|c [1996]
|
| 264 |
|
4 |
|c ©1996
|
| 300 |
|
|
|a 42 leaves :
|b illustrations ;
|c 28 cm.
|
| 336 |
|
|
|a text
|b txt
|2 rdacontent
|
| 337 |
|
|
|a unmediated
|b n
|2 rdamedia
|
| 338 |
|
|
|a volume
|b nc
|2 rdacarrier
|
| 500 |
|
|
|a Cover title.
|
| 650 |
|
0 |
|a African Americans
|z Texas
|v Biography.
|
| 999 |
|
|
|a MARS
|
| 999 |
f |
f |
|s 667253cf-5d4e-359f-974b-72423e39a281
|i 2d663559-e893-32c7-a50b-f40db4468eed
|t 0
|
| 952 |
f |
f |
|p ric
|a Texas A&M University
|b Rellis Campus
|c Joint Library Facility
|d Remote Storage
|t 0
|e E185.93.T4 T48 1996
|h Library of Congress classification
|i unmediated -- volume
|m A14822046362
|
| 998 |
f |
f |
|a E185.93.T4 T48 1996
|t 0
|l Remote Storage
|